000 00474nam a2200169 4500
001 108619
003 ES-MaACL
005 20230906184656.0
007 t|
008 061121s1967 sp r ||||1| spa d
100 1 _aMonreal Agustí, Luis.
_982270
245 1 3 _aLa montaña de los guerrilleros /
_cLuis Monreal Agustí.
250 _a1ª. ed.
260 _aBarcelona :
_bPlaneta,
_c1967.
300 _a210 p., 22 lám. ;
_c19 cm.
852 _aES-MaACL
_jC-31961
_bR.62669
999 _c108619
_d108619